000 00589nam a2200193Ia 4500
003 OSt
005 20200618094659.0
008 190216s9999||||xx |||||||||||||| ||und||
020 _a9780143029892
040 _coclc
082 _a954
_bTHA/P
100 _aThapar, Romila
_9444
245 4 _aThe Penguin History Of Early India From The Origins To A D 1300 /
_cRomila Thapar
250 _aI
260 _bPenguin Books,
_c2002.
_aNew Delhi:
300 _a556p
650 0 _aHistory & geography
_vIslamic History
_92271
942 _cBK
_2ddc
_h954
_iTHA/P
_k954
_mTHA/P
999 _c15205
_d15205